[Event "Saint Affrique op 19th"]
[Site "Saint Affrique"]
[Date "2011.07.24"]
[Round "2"]
[White "Bedouin, Xavier"]
[Black "Tardif, Sebastien"]
[Result "1-0"]
[WhiteElo "2410"]
[BlackElo "1996"]
[PlyCount "54"]
[EventDate "2011.07.23"]
[EventType "swiss"]
[EventRounds "9"]
[EventCountry "FRA"]
[SourceTitle "CBM 143 Extra"]
[Source "ChessBase"]
[SourceDate "2011.08.29"]
[SourceVersion "1"]
[SourceVersionDate "2011.08.29"]
[SourceQuality "1"]

1. d4 e6 2. c4 f5 3. g3 Nf6 4. Bg2 Be7 5. Nf3 d6 6. Nc3 0-0 7. 0-0 Qe8 8. b3 Nbd7 9. Qc2 Qg6 10. Ng5 Nb6 11. a4 h6 12. Nh3 e5 13. a5 Nbd7 14. a6 c6 15. Rd1 Qg4 16. Ba3 Rf7 17. c5 d5 18. dxe5 Nxe5 19. Nf4 Nh7 20. h3 Qg5 21. h4 Qf6 22. Ncxd5 cxd5 23. Nxd5 Qg6 24. Nxe7+ Rxe7 25. c6 Re8 26. axb7 Bxb7 27. cxb7 Rad8 1-0

[Event "Saint Affrique op 15th"]
[Site "Saint Affrique"]
[Date "2007.??.??"]
[Round "7"]
[White "Tardif, Sebastien"]
[Black "Roubaud, Alexandre"]
[Result "0-1"]
[WhiteElo "2030"]
[BlackElo "1842"]
[PlyCount "71"]
[EventDate "2007.07.21"]
[EventType "swiss"]
[EventRounds "9"]
[EventCountry "FRA"]
[SourceTitle "CBM 119 Extra"]
[Source "ChessBase"]
[SourceDate "2007.09.04"]
[SourceVersion "1"]
[SourceVersionDate "2007.09.04"]
[SourceQuality "1"]

1. Nf3 c5 2. c4 Nc6 3. g3 g6 4. Bg2 Bg7 5. 0-0 d6 6. Nc3 a6 7. e3 Nf6 8. d4 cxd4 9. exd4 0-0 10. h3 e6 11. Bg5 h6 12. Be3 Kh7 13. Rc1 Nd7 14. d5 Nce5 15. Nxe5 Nxe5 16. b3 Qe7 17. f4 Nd7 18. Kh2 e5 19. f5 b6 20. Qc2 Nc5 21. b4 Nd7 22. Be4 Qe8 23. fxg6+ fxg6 24. Rxf8 Bxf8 25. Rf1 Bg7 26. Qf2 Nf6 27. Bxb6 Rb8 28. c5 dxc5 29. bxc5 Qd7 30. Bg2 e4 31. c6 Qe8 32. Bd4 Bf5 33. Bxf6 e3 34. Qf3 Bxf6 35. Ne2 Rb2 36. d6 0-1